000 00565nam a2200217Ia 4500
003 OSt
005 20220926044340.0
006 a|||||r|||| 00| 0
007 ta
008 220923b |||||||| |||| 00| 0 eng d
037 _cGeneral Book
040 _aRTL
_cRTL
_beng
041 _2eng
_aeng
082 _aX9(3781).2.N19t, GD
110 _aIndia, Cotton (Committee)
_9348885
245 0 _aReport.
260 _c1919
700 _aIndia, Cotton (Committee)
_9348886
942 _hX9(3781).2.N19t, GD
_cGB
_2CC
999 _c674620
_d674620